000 00509nam a22001937a 4500
999 _c5302
_d5302
003 GBCCL
005 20241126110538.0
008 180313b ||||| |||| 00| 0 eng d
040 _cgbc
082 _aVER 220.85
_bBIA
100 _aBiaksiama, P.C.
_99565
245 _aBible leh Science Vol. I /
_cP.C. Biaksiama
250 _a2nd Ed.
260 _bDirectorate of Arts & Culture,
_aAizawl:
_c1996
300 _a449 p.;
_bill.,
_c21 cm.
650 _aBible
_95
650 _aScience
_99566
942 _2ddc
_cBK
_04